01700 a2200217 45000010006000000050017000060080041000230030015000640400040000790800070001192450049001890200018002382640043002563000025002995050985003240410008013091000027013177000024013447000019013688560095013873576720260407155637.0260407a1996 arg spa dAR-UNSa-BCEJYS aAR-UNSa-BCEJYSbspacAR-UNSa-BCEJYS a658.56xControl de la calidad. Control de herramientas y material10aPremio nacional a la calidadpsector privado a950-537-315-5 1aBuenos Aires :bEdiciones Macchic1996 axxix, 236 p.c22 cm. a1. Introducción - 2. Modelos de evaluación - 3. Asignación del puntaje: dimensiones e interrelación de factores - 4. Recomendaciones para organizar y confeccionar la aplicación - 5. Recomendaciones para evitar errores en las aplicaciones - 6. Interpretando el criterio: Liderazgo - 7. Interpretando el criterio: orientación hacia el cliente - 8. Interpretando el criterio: gestión para la calidad - 9. Interpretando el criterio: planeamiento estratégico - 10. Interpretando el criterio: sistema de información - 11. Interpretando el criterio: recursos humanos - 12. Interpretando el criterio: aseguramiento de la calidad - 13. Interpretando el criterio: responsabilidad social - 14. Interpretando el criterio: satisfacción de los clientes - 15. Interpretando el criterio: satisfacción del personal - 16. Interpretando el criterio: impacto en la sociedad - 17. Interpretando el criterio - 18. Análisis comparativo y comportamientos de premios muy difundidos aspa1 aHermida, Jorge Alfredo1 aRico, Ruben Roberto1 aIrace, Antonio41uhttps://biblioeco.unsa.edu.ar/pmb/images/libros/L125320.jpgyImagen de portadaqimage/jpeg